00649nam a2200241 a 4500001001300000003000900013005001700022008004100039020001000080082001400090100001700104245002800121260004800149300000800197500003500205505001000240650001600250700001700266902000800283942000700291952009400298999001500392nice12345678IN_TiNIC20260116011833.0050524s1902 laha grp 000 0 urd  ac10000a239bMEN1 aMenro, James aAdam Masumiyat Mohammad aLahorebPunjab Religious Booksociety c1902 a40p aincludes index and biblioraphy2 aIndex aApologetics1 aMenro, James bSRS cBK 00104070aHMIbHMId2007-06-22g100.00l0o239 MEN1p8189r2007-06-22w2026-01-16yARB c4329d4329